La constitucionalizacin̤ del ordenamiento jurd̕ico

Detalles Bibliográficos
Autor principal: Velandia Canosa, Eduardo Andrš
Otros Autores: Trujillo Toscano, Luis Eduardo
Formato: eBook
Lenguaje:español
Publicado: Bogot:̀ Asociacin̤ Colombiana de Derecho Procesal Constitucional, 2019
Materias:
Acceso en línea:Acceso restringido

MARC

LEADER 00000nam a22000007a 4500
005 20220706225633.0
007 cr|||| ||||
008 220706s2019 co |||||s|||| 00||0 spa d
020 |a 978-958-57887-8-7 
035 |a 36689 
040 |a vLex 
090 |c 13537  |d 13537 
100 1 |a Velandia Canosa, Eduardo Andrš 
245 1 2 |a La constitucionalizacin̤ del ordenamiento jurd̕ico  |h [Recurso electrn̤ico] /  |c Eduardo Andrš Velandia Canosa, Luis Eduardo Trujillo Toscano 
256 |a Servicio en ln̕ea 
260 |a Bogot:̀  |b Asociacin̤ Colombiana de Derecho Procesal Constitucional,  |c 2019 
300 |a 1 recurso electrn̤ico 
506 1 |a Disponible solo en los productos indicados  |d vLex Global  |d vLex Global (Academic Edition, excluding Law Schools)  |d vLex Global (U.S. Academic Edition, Law Schools)  |d vLex Global (U.S. Academic Edition, excluding Law Schools)  |d vLex Global (Academic Edition, Law Schools) 
650 0 4 |a Derecho Procesal  |z Colombia 
700 1 |a Trujillo Toscano, Luis Eduardo 
740 0 |a vLex Libros (Servicio en ln̕ea) 
856 4 0 |u https://app.vlex.com/#/sources/36689  |z Acceso restringido 
942 |c BOOK 
999 0 |a Procedural law